[Event "South America-ch 1st"]
[Site "Lima"]
[Date "2023.09.15"]
[Round "2"]
[White "Bravo Mallco, Kate Azumi"]
[Black "Garay Ramirez, Estefano Javier"]
[Result "1-0"]
[WhiteElo "1946"]
[BlackElo "1510"]
[PlyCount "75"]
[EventDate "2023.09.14"]
[EventType "swiss"]
[EventRounds "9"]
[EventCountry "PER"]
[SourceTitle "EXT 2024"]
[Source "ChessBase"]
[SourceDate "2023.10.10"]
[SourceVersion "1"]
[SourceVersionDate "2023.10.10"]
[SourceQuality "1"]

1. e4 c5 2. Nf3 d6 3. d4 cxd4 4. Nxd4 Nf6 5. f3 e5 6. Nb3 Be7 7. c4 a5 8. Nc3 a4 9. Nd2 Qa5 10. Ndb1 0-0 11. Bd2 Qa7 12. Na3 Nc6 13. Nab5 Qb6 14. Nxa4 Rxa4 15. Qxa4 Be6 16. Qb3 Rc8 17. Rc1 Nd7 18. Be2 Na5 19. Qa4 Bd8 20. Qxa5 Qxa5 21. Bxa5 Bxa5+ 22. Kd1 Rc6 23. Bd3 Nc5 24. Ke2 Bd8 25. Rhd1 Bg5 26. Rc3 Kf8 27. b3 Ke7 28. Bc2 g6 29. a3 f5 30. exf5 gxf5 31. b4 Nd7 32. Bb3 e4 33. Nd4 exf3+ 34. gxf3 Rc8 35. Nxe6 Kxe6 36. c5+ Ke5 37. Rxd6 Nf6 38. Re6+ 1-0

[Event "PER-ch"]
[Site "Lima"]
[Date "2023.09.03"]
[Round "9"]
[White "Bravo Mallco, Kate Azumi"]
[Black "Meono Alvan, Ronier Grover"]
[Result "1-0"]
[WhiteElo "1946"]
[BlackElo "2024"]
[PlyCount "75"]
[EventDate "2023.08.29"]
[EventType "swiss"]
[EventRounds "9"]
[EventCountry "PER"]
[SourceTitle "EXT 2024"]
[Source "ChessBase"]
[SourceDate "2023.10.10"]
[SourceVersion "1"]
[SourceVersionDate "2023.10.10"]
[SourceQuality "1"]

1. e4 c6 2. d4 d5 3. e5 Bf5 4. g4 Be4 5. f3 Bg6 6. e6 Qd6 7. exf7+ Bxf7 8. f4 Nd7 9. Nc3 g5 10. Nh3 h6 11. Be3 Bg7 12. fxg5 e5 13. Qe2 0-0-0 14. 0-0-0 Re8 15. Qf2 Be6 16. Qg3 Qc7 17. Be2 Ne7 18. gxh6 Bxh6 19. Ng5 Ng6 20. Kb1 Bg7 21. a3 a6 22. h3 Bg8 23. Rhf1 Re7 24. Rf2 c5 25. dxc5 d4 26. Nce4 dxe3 27. Qxe3 Nf4 28. Nd6+ Kb8 29. Rxf4 Nxc5 30. Rff1 Rd7 31. Ne8 Ba2+ 32. Kxa2 Rxe8 33. Rxd7 Nxd7 34. Rf7 Bf6 35. Ne4 Be7 36. Qb3 Ka7 37. g5 Nb8 38. Nf6 1-0

[Event "World School-ch U17 Girls"]
[Site "Rhodes"]
[Date "2023.04.17"]
[Round "4"]
[White "Ciftci, Zeynep"]
[Black "Bravo Mallco, Kate Azumi"]
[Result "1-0"]
[WhiteElo "1892"]
[BlackElo "2058"]
[PlyCount "99"]
[EventDate "2023.04.14"]
[EventType "swiss"]
[EventRounds "9"]
[EventCountry "GRE"]
[SourceTitle "EXT 2024"]
[Source "ChessBase"]
[SourceDate "2023.10.10"]
[SourceVersion "1"]
[SourceVersionDate "2023.10.10"]
[SourceQuality "1"]

1. Nf3 d5 2. c4 c6 3. b3 Nf6 4. Bb2 Bf5 5. g3 Nbd7 6. Bg2 e6 7. 0-0 Bd6 8. d3 Qe7 9. Nc3 0-0 10. Rc1 h6 11. cxd5 exd5 12. Nh4 Bh7 13. Bh3 Rfe8 14. Nf5 Bxf5 15. Bxf5 Rad8 16. Qc2 g6 17. Bh3 d4 18. Ne4 Nxe4 19. dxe4 Qxe4 20. Qxe4 Rxe4 21. Rc2 Nf8 22. Bg2 Ree8 23. Bxd4 Bb8 24. e3 Ne6 25. Bc3 Rd7 26. Bf6 Rd6 27. f4 Nc7 28. Be5 Rd3 29. Kf2 Nb5 30. Ke2 Rd7 31. Bb2 Nd4+ 32. Bxd4 Rxd4 33. Rfc1 f5 34. Rc4 Rd6 35. Rb4 Re7 36. Bxc6 b6 37. Bf3 Bc7 38. Rbc4 Bd8 39. R1c2 Kg7 40. Rc8 b5 41. R2c3 Bb6 42. b4 Rde6 43. e4 fxe4 44. Bg4 Rd6 45. R8c6 Rd4 46. f5 e3 47. f6+ Kf7 48. fxe7 Rd2+ 49. Ke1 Kxe7 50. Rxb6 1-0

[Event "Wch U16 Girls"]
[Site "Mamaia"]
[Date "2022.09.09"]
[Round "4"]
[White "Mihaljevic, Eva"]
[Black "Bravo Mallco, Kate Azumi"]
[Result "0-1"]
[WhiteElo "1828"]
[BlackElo "2052"]
[PlyCount "128"]
[EventDate "2022.09.06"]
[EventType "swiss"]
[EventRounds "11"]
[EventCountry "ROU"]
[SourceTitle "CBM 210 Extra"]
[Source "ChessBase"]
[SourceDate "2022.11.30"]
[SourceVersion "1"]
[SourceVersionDate "2022.11.30"]
[SourceQuality "1"]

1. e4 c5 2. Nf3 e6 3. d4 cxd4 4. Nxd4 Nf6 5. Nc3 d6 6. Be2 Be7 7. Be3 Nc6 8. 0-0 0-0 9. f4 e5 10. fxe5 dxe5 11. Nf5 Bxf5 12. Rxf5 g6 13. Rf1 Nd4 14. Bd3 Rc8 15. Kh1 Kg7 16. Qe1 Ng4 17. Bg1 a6 18. h3 Nf6 19. Qg3 Qd6 20. Be3 b5 21. a3 Qe6 22. Qf2 Rfd8 23. Bg5 Rd6 24. Qd2 Nh5 25. Bh6+ Kg8 26. Qf2 g5 27. Nd5 Bd8 28. c3 Nb3 29. Rad1 Nf4 30. Bc2 Nc5 31. Ne3 Rxd1 32. Rxd1 Qxh6 33. Nf5 Qb6 34. Rd6 Qc7 35. g3 Ng6 36. Nh6+ Kg7 37. Nf5+ Kf8 38. Nh6 Nh8 39. Qf5 Qxd6 40. Qxc8 Ne6 41. Bb3 Nc5 42. Bd5 Ne6 43. Nf5 Qc7 44. Qxa6 Qb6 45. Qc8 Ng6 46. Qd7 Qc7 47. Qxb5 Ne7 48. Ne3 Qc5 49. Qxc5 Nxc5 50. Kg1 Nxd5 51. exd5 Nd3 52. b4 Bb6 53. Kf1 Nxb4 54. axb4 Bxe3 55. Ke2 Bg1 56. c4 Ke7 57. Kf3 f5 58. c5 e4+ 59. Ke2 f4 60. gxf4 gxf4 61. Kf1 Bd4 62. Ke2 f3+ 63. Kf1 e3 64. h4 e2+ 0-1

[Event "Olympiad Women-44"]
[Site "Chennai"]
[Date "2022.08.06"]
[Round "8.4"]
[White "Bravo Mallco, Kate Azumi"]
[Black "Lanchava, Tea"]
[Result "1/2-1/2"]
[WhiteElo "1958"]
[BlackElo "2257"]
[PlyCount "158"]
[EventDate "2022.07.29"]
[EventType "team-swiss"]
[EventRounds "11"]
[EventCountry "IND"]
[SourceTitle "CBM 210"]
[Source "ChessBase"]
[SourceDate "2022.10.31"]
[SourceVersion "1"]
[SourceVersionDate "2022.10.31"]
[SourceQuality "1"]
[WhiteTeam "Peru (W)"]
[BlackTeam "Netherlands (W)"]
[WhiteTeamCountry "PER"]
[BlackTeamCountry "NED"]

1. e4 c6 2. d4 g6 3. Nc3 Bg7 4. f4 d5 5. e5 h5 6. Be3 Nh6 7. Nf3 Bg4 8. h3 Nf5 9. Bf2 Bxf3 10. Qxf3 h4 11. Bd3 e6 12. 0-0 a5 13. Ne2 Na6 14. c3 Bf8 15. b3 Be7 16. Rad1 Kf8 17. c4 Kg7 18. c5 b6 19. cxb6 Qxb6 20. Bxa6 Qxa6 21. Nc3 Qa7 22. Na4 Rab8 23. Qc3 Rhc8 24. Rc1 Rb4 25. Rfd1 f6 26. exf6+ Bxf6 27. Nc5 Re8 28. a3 Rbb8 29. Re1 Kf7 30. Rc2 Re7 31. Rce2 Rbe8 32. Rb1 Nd6 33. Qd3 Nb5 34. a4 Nd6 35. b4 axb4 36. Rxb4 Qc7 37. Rb1 Nf5 38. Qd2 Bg7 39. a5 Rb8 40. Rbe1 Rbe8 41. a6 Bf6 42. Re5 Qb6 43. Ra1 Ra7 44. Rae1 Bxe5 45. fxe5 Qd8 46. Rf1 Qe7 47. Rb1 Rc8 48. Rb6 Rac7 49. Qb2 Qg5 50. Rb7 Ne3 51. Bxe3 Qxe3+ 52. Qf2+ Qxf2+ 53. Kxf2 Re7 54. Ke3 g5 55. Kd3 Rce8 56. Kc3 Kg6 57. Kb4 Kf5 58. Ka5 Kf4 59. Rxe7 Rxe7 60. Kb6 g4 61. a7 Re8 62. Nxe6+ Kg3 63. Ng5 Kxg2 64. hxg4 Kg3 65. Kb7 Kxg4 66. Nh3 Kxh3 67. a8Q Rxa8 68. Kxa8 Kg3 69. e6 h3 70. e7 h2 71. e8Q h1Q 72. Kb7 Qe4 73. Qe5+ Qxe5 74. dxe5 d4 75. e6 d3 76. e7 d2 77. e8Q d1Q 78. Qxc6 Qf3 79. Qxf3+ Kxf3 1/2-1/2